[Event "Biel MTO Open"]
[Site "Biel SUI"]
[Date "2011.07.25"]
[Round "7"]
[White "Gharamian,T"]
[Black "Ni Hua"]
[Result "1/2-1/2"]
[WhiteElo "2670"]
[BlackElo "2662"]

1.e4 e6 2.d4 d5 3.Nc3 Nf6 4.e5 Nfd7 5.f4 c5 6.Nf3 Nc6 7.Be3 cxd4 8.Nxd4 Bc5
9.Qd2 O-O 10.O-O-O a6 11.Nb3 Bb4 12.Bd3 b5 13.g4 Na5 14.Bd4 Nc4 15.Qf2 a5
16.a3 Be7 17.Nxb5 Ba6 18.Nc3 Qc7 19.Bxc4 Bxc4 20.Nd2 Rab8 21.Nxc4 Qxc4 22.Qe2 Qc6
23.Rd3 Rfc8 24.Rf1 Bc5 25.Nd1 Qb5 26.Rf2 Qc4 27.Qe3 Qa2 28.Kd2 Nb6 29.Ke1 Nc4
30.Qc1 Be7 31.g5 g6 32.Re2 a4 33.Kf2 Rb7 34.h4 h5 35.Kg2 Kh7 36.Rf2 Rcb8
37.Rdf3 Kg8 38.Rd3 Bf8 39.Rdf3 Rc8 40.Rd3 Rcb8 41.Rdf3 Rc8 42.Rc3 Rbc7 43.b4 Be7
44.Rcf3 Bf8  1/2-1/2

[Event "Biel MTO Open"]
[Site "Biel SUI"]
[Date "2011.07.26"]
[Round "8"]
[White "Ni Hua"]
[Black "Miezis,N"]
[Result "1-0"]
[WhiteElo "2662"]
[BlackElo "2520"]

1.e4 c5 2.Nf3 e6 3.d4 cxd4 4.Nxd4 a6 5.c4 Nf6 6.Nc3 Bb4 7.Qf3 Qc7 8.a3 Bd6
9.Bg5 Nc6 10.Bxf6 gxf6 11.Nb3 Be5 12.g3 Rb8 13.Rc1 Na5 14.Nd2 Nc6 15.b4 h5
16.h4 b6 17.Bg2 Bb7 18.O-O Ne7 19.Qe3 Rg8 20.Na4 f5 21.f4 Bh8 22.Kh2 fxe4
23.Bxe4 Bxe4 24.Nxe4 Nf5 25.Qd3 Qd8 26.c5 Nxg3 27.Nxg3 Qxh4+ 28.Kg2 b5 29.Nb6 Rd8
30.Rcd1 Qe7 31.Nd5 Qh4 32.Nc7+ Kf8 33.Qd6+ Qe7 34.Rh1 e5 35.Qxe7+ Kxe7 36.f5 e4
37.Nd5+ Kf8 38.f6 Re8 39.Rxh5  1-0

[Event "Biel MTO Open"]
[Site "Biel SUI"]
[Date "2011.07.27"]
[Round "9"]
[White "Bu Xiangzhi"]
[Black "Ni Hua"]
[Result "1/2-1/2"]
[WhiteElo "2675"]
[BlackElo "2662"]

1.c4 Nf6 2.Nf3 c6 3.d4 d5 4.e3 Bg4 5.h3 Bxf3 6.Qxf3 e6 7.Bd3 Nbd7 8.O-O Bd6
9.Nd2 O-O 10.e4 dxe4 11.Nxe4 Nxe4 12.Qxe4 Nf6 13.Qf3 e5 14.Bg5 h6 15.Bxf6 Qxf6
16.Qxf6 gxf6 17.dxe5 Bxe5  1/2-1/2

[Event "Biel MTO Open"]
[Site "Biel SUI"]
[Date "2011.07.28"]
[Round "10"]
[White "Ni Hua"]
[Black "Rodshtein,M"]
[Result "1-0"]
[WhiteElo "2662"]
[BlackElo "2637"]

1.Nf3 Nf6 2.c4 g6 3.Nc3 d5 4.cxd5 Nxd5 5.Qa4+ Nc6 6.Ne5 Qd6 7.Nxc6 Qxc6 8.Qxc6+ bxc6
9.b3 Bg7 10.Bb2 Nxc3 11.Bxc3 Bxc3 12.dxc3 Be6 13.e4 a5 14.Kd2 O-O-O+ 15.Ke3 Rd6
16.Ba6+ Kb8 17.Be2 f6 18.Rad1 Kb7 19.f4 Kb6 20.g4 Ra8 21.f5 Bf7 22.h4 a4
23.fxg6 Bxg6 24.Rd4 Rxd4 25.cxd4 axb3 26.axb3 c5 27.dxc5+ Kxc5 28.Rc1+ Kb6
29.Rd1 Be8 30.Bc4 h6 31.e5 fxe5 32.Rd5 Ra1 33.Rxe5 Bd7 34.Kf4 Rg1 35.Be2 e6
36.Rh5 Rg2 37.Bf3 Rf2 38.Kg3 Rb2 39.Rxh6 Rxb3 40.g5 Kc5 41.Rf6 Kd6 42.g6 Ke7
43.Rf7+ Ke8 44.h5  1-0

[Event "Politiken Cup"]
[Site "Helsingor DEN"]
[Date "2011.07.30"]
[Round "1.3"]
[White "Ni Hua"]
[Black "Stolberg Rohr,T"]
[Result "1-0"]
[WhiteElo "2662"]
[BlackElo "1964"]

1.d4 g6 2.c4 Bg7 3.Nc3 d6 4.e4 Nc6 5.Be3 e5 6.Nge2 f5 7.dxe5 Nxe5 8.exf5 Bxf5
9.Nd4 Bd7 10.Be2 Nf6 11.h3 O-O 12.O-O a6 13.Qd2 Nc6 14.Nf3 Ne7 15.Rad1 Nf5
16.c5 Nxe3 17.Qxe3 Re8 18.Qf4 dxc5 19.Ng5 b5 20.Bc4+  1-0

[Event "Politiken Cup"]
[Site "Helsingor DEN"]
[Date "2011.07.31"]
[Round "2.3"]
[White "Rorvik,J"]
[Black "Ni Hua"]
[Result "0-1"]
[WhiteElo "2172"]
[BlackElo "2662"]

1.c4 Nf6 2.Nc3 g6 3.g3 d5 4.cxd5 Nxd5 5.Bg2 Nb6 6.Nf3 Bg7 7.O-O Nc6 8.d3 O-O
9.Be3 e5 10.Qd2 Nd4 11.Bh6 Re8 12.Bxg7 Kxg7 13.Rfd1 Bg4 14.Ne1 c6 15.h3 Be6
16.e3 Nf5 17.Nf3 f6 18.b3 Qe7 19.Qb2 Red8 20.Rac1 Nd6 21.Ne1 a5 22.d4 e4
23.Nxe4 Nxe4 24.Bxe4 Bxh3 25.Bf3 Bf5 26.Nd3 Bxd3 27.Rxd3 h5 28.Qe2 f5 29.e4 fxe4
30.Qxe4 Qxe4 31.Bxe4 Nd5 32.Rc5 Nf6 33.Bf3 Rd6 34.Rd1 Nd7 35.Rcc1 Rf8 36.Bg2 Rd8
37.Bf3 Kh6 38.Kg2 g5 39.Rh1 Nf6 40.Bxh5 Nxh5 41.g4 Rxd4 42.Rxh5+ Kg6 43.f3 Rd2+
44.Kg3 Rxa2 45.Rc5 Rd5 46.Rxd5 cxd5 47.Rh8 Rb2 48.Rd8 Rxb3 49.Rd6+ Kf7 50.Rxd5 b5
51.Rxg5 a4 52.Rc5 a3 53.Rc7+ Ke6 54.Ra7 b4 55.Kf4 Rd3 56.g5 Rd4+ 57.Ke3 Rd7
58.Ra6+ Rd6 59.Ra7 Kf5 60.Ra5+ Kg6 61.f4 Rb6 62.Kd2 b3 63.Kc1 b2+ 64.Kb1 Rb3
65.Ra6+ Kf5 66.g6 Rg3 67.Ka2 Rg1 68.Rb6 Ra1+ 69.Kb3 b1=Q+  0-1

[Event "Politiken Cup"]
[Site "Helsingor DEN"]
[Date "2011.08.01"]
[Round "4"]
[White "Veng,J"]
[Black "Ni Hua"]
[Result "1/2-1/2"]
[WhiteElo "2309"]
[BlackElo "2662"]

1.Nf3 Nf6 2.c4 e6 3.g3 d5 4.Bg2 dxc4 5.Na3 Bxa3 6.bxa3 Nc6 7.Bb2 Qd6 8.Qc2 e5
9.Qxc4 O-O 10.O-O Be6 11.Qh4 h6 12.Rfd1 Rad8 13.e3 Rfe8 14.Qa4 Bd5 15.d3 Qe6
16.Rdc1 Bxf3 17.Bxf3 Rxd3 18.Bxc6 bxc6 19.Rxc6 Qd7 20.Ra6 Qxa4 21.Rxa4 Rd2
22.Bc3 Rc2 23.Be1 Rb8 24.h3 Rbb2 25.g4 c5 26.Kg2 c4 27.Kf3 e4+ 28.Kf4 g5+
29.Ke5 Kg7 30.Rb4 Kg6 31.Rd1 Ne8 32.Kxe4 Rxa2 33.Rb8 Ng7 34.h4 Ne6 35.h5+ Kf6
36.Rd5 Rxa3 37.Rb7 Kg7 38.Rf5 Nd8 39.Rd7 Rd3 40.Rxd3 cxd3 41.Kxd3 Rc6 42.Bc3+ f6
43.Rd5 Nf7 44.Bd4 a6 45.Rd7 Re6 46.Kc4 Rd6 47.Ra7 Kg8 48.Ra8+ Kg7 49.Ra7 Kg8
50.Kc5 Re6 51.Kd5 Rd6+ 52.Kc5 Re6 53.Kd5 Rd6+ 54.Kc5  1/2-1/2

[Event "Politiken Cup"]
[Site "Helsingor DEN"]
[Date "2011.08.02"]
[Round "5.15"]
[White "Ni Hua"]
[Black "Rosenkilde,A"]
[Result "1-0"]
[WhiteElo "2662"]
[BlackElo "2235"]

1.e4 c5 2.Nf3 Nc6 3.d4 cxd4 4.Nxd4 Nf6 5.Nc3 e5 6.Ndb5 d6 7.Bg5 a6 8.Na3 b5
9.Nd5 Be7 10.Bxf6 Bxf6 11.c4 b4 12.Nc2 a5 13.Qf3 Be6 14.Rd1 Bxd5 15.cxd5 Na7
16.g3 O-O 17.h4 Qe8 18.Ne3 Qa4 19.Bc4 Bd8 20.Qg4 Nc8 21.Nf5 Bf6 22.Rc1 Kh8
23.O-O Qd7 24.Be2 Na7 25.Ne3 Rfd8 26.Qxd7 Rxd7 27.Rc2 Rc8 28.Rxc8+ Nxc8 29.Rc1 Na7
30.Bg4 Rb7 31.Nf5 Be7 32.Rc6 h5 33.Bh3 Nb5 34.Bf1 Nd4 35.Nxe7 Rxe7 36.Rxd6 Rc7
37.Rd8+ Kh7 38.d6 Rc1 39.Kg2 Ne6 40.Ra8 Rd1 41.Rxa5 Rxd6 42.Rxe5 Rd2 43.Rxh5+ Kg6
44.Rb5 Rxb2 45.Bc4 Nd4 46.Rg5+ Kf6 47.e5+  1-0

[Event "Politiken Cup"]
[Site "Helsingor DEN"]
[Date "2011.08.04"]
[Round "7.23"]
[White "Sturt,R"]
[Black "Ni Hua"]
[Result "0-1"]
[WhiteElo "2231"]
[BlackElo "2662"]

1.d4 e6 2.c4 Nf6 3.Nf3 d5 4.g3 dxc4 5.Bg2 Nc6 6.Qa4 Bb4+ 7.Bd2 Nd5 8.Bxb4 Nxb4
9.O-O Rb8 10.Na3 a6 11.Ne5 Qxd4 12.Nxc6 Nxc6 13.Bxc6+ bxc6 14.Qxc4 Qxc4 15.Nxc4 f6
16.f4 Ke7 17.b3 Rb5 18.Rac1 Bd7 19.e4 c5 20.Kf2 Rb4 21.Rc2 Bb5 22.Rfc1 Bxc4
23.Rxc4 Rxc4 24.Rxc4 Kd6 25.Ke3 a5 26.Rc2 Kc6 27.Rd2 Ra8 28.Kd3 Rd8+ 29.Kc3 Rxd2
30.Kxd2 Kb5 31.Kc3 c4 32.a4+ Kc5 33.bxc4 f5  0-1

[Event "Politiken Cup"]
[Site "Helsingor DEN"]
[Date "2011.08.05"]
[Round "8.14"]
[White "Ni Hua"]
[Black "Carlstedt,J"]
[Result "1-0"]
[WhiteElo "2662"]
[BlackElo "2336"]

1.e4 c5 2.Nf3 Nf6 3.e5 Nd5 4.Nc3 e6 5.Ne4 f5 6.Nc3 Nc6 7.Nxd5 exd5 8.d4 d6
9.Bg5 Be7 10.Bxe7 Qxe7 11.Bb5 O-O 12.Bxc6 bxc6 13.O-O f4 14.h3 Bf5 15.Re1 Be4
16.exd6 Qxd6 17.dxc5 Qxc5 18.Nd4 Rae8 19.Qd2 Qb6 20.b4 f3 21.gxf3 Bg6 22.c3 Qb7
23.Rxe8 Rxe8 24.Re1 Qd7 25.Rxe8+ Bxe8 26.Qe3 Bf7 27.Qe5 g6 28.Kg2  1-0

[Event "Politiken Cup"]
[Site "Helsingor DEN"]
[Date "2011.08.06"]
[Round "9.6"]
[White "Krasenkow,M"]
[Black "Ni Hua"]
[Result "0-1"]
[WhiteElo "2607"]
[BlackElo "2662"]

1.d4 d5 2.c4 c6 3.Nc3 Nf6 4.e3 a6 5.Qc2 e6 6.Nf3 c5 7.cxd5 exd5 8.Be2 Be6
9.Ne5 Bd6 10.O-O O-O 11.b3 cxd4 12.exd4 Qc7 13.Bb2 Nc6 14.Nxc6 Qxc6 15.Qd3 Qd7
16.Na4 Bf5 17.Qd1 Rae8 18.Nc5 Qe7 19.Bf3 Be4 20.Nd3 Nd7 21.Re1 Qf6 22.Re3 Re7
23.g3 Rfe8 24.Bg4 Nf8 25.Ne5 Ne6 26.Nc4 Ng5 27.Nxd6 Qxd6 28.a4 Qh6 29.Ba3 Rc7
30.Rc1 Rxc1 31.Bxc1 f5 32.Bxf5 Qf6 33.Bxe4 dxe4 34.Qg4 Rf8 35.Re2 Nf3+ 36.Kg2 Nxd4
37.Rb2 Qc6 38.Be3 Nf3 39.Rb1 Ne5 40.Qh5 Nd3 41.Kg1 Qe6 42.Qe2 Qf5 43.Bd4 h5
44.Rf1 h4 45.Rd1 Rd8 46.Qe3 Ne5  0-1

[Event "26th Universiade Men"]
[Site "Shenzhen CHN"]
[Date "2011.08.15"]
[Round "2.4"]
[White "Ni Hua"]
[Black "Michalik,P"]
[Result "1-0"]
[WhiteElo "2662"]
[BlackElo "2505"]

1.Nf3 Nf6 2.c4 e6 3.g3 b6 4.Bg2 Bb7 5.O-O Be7 6.d4 O-O 7.Nc3 Ne4 8.Bf4 d6
9.Qd3 Nxc3 10.bxc3 Nd7 11.Ng5 Bxg5 12.Bxb7 Rb8 13.Bxg5 Qxg5 14.Bc6 Rbd8 15.f4 Qa5
16.g4 d5 17.Rf3 Nc5 18.Qc2 Rd6 19.Bb5 Ne4 20.f5 Ng5 21.Re3 a6 22.h4 Ne4 23.cxd5 Qxb5
24.Qxe4 exd5 25.Qf4 Re8 26.Rf1 Kf8 27.Ra1 Kg8 28.Rf1 Kf8 29.Rff3 Re4 30.Rxe4 Qb1+
31.Kf2 Qxe4 32.Qxe4 dxe4 33.Re3 Rc6 34.Kg3 Rc4 35.Kf4 Ra4 36.Kxe4 Ke7 37.Kd3+ Kd8
38.g5 Rxa2 39.f6 gxf6 40.gxf6 Ra1 41.Re7 Rh1 42.Rxf7 Rxh4 43.e4  1-0

[Event "26th Universiade Men"]
[Site "Shenzhen CHN"]
[Date "2011.08.16"]
[Round "3.3"]
[White "Bulski,K"]
[Black "Ni Hua"]
[Result "1/2-1/2"]
[WhiteElo "2479"]
[BlackElo "2662"]

1.d4 d5 2.c4 c6 3.Nc3 Nf6 4.e3 a6 5.Nf3 b5 6.b3 Bg4 7.Be2 Nbd7 8.O-O e6 9.h3 Bh5
10.Bb2 Bd6 11.Ne5 Bxe2 12.Nxe2 bxc4 13.bxc4 O-O 14.Qc2 Qc7 15.cxd5 cxd5 16.Qxc7 Bxc7
17.Ba3 Rfc8 18.Nxd7 Nxd7 19.Rfc1 Ba5 20.Rxc8+ Rxc8 21.Rc1 Rc4 22.Bb2 g5 23.Bc3 Bb6
24.g4 f6 25.Kf1 Kf7 26.Ke1 f5 27.Kd2 Kg6 28.Kd3 Bc7 29.f3 h5 30.gxf5+ Kxf5
31.e4+ Kf6  1/2-1/2

[Event "26th Universiade Men"]
[Site "Shenzhen CHN"]
[Date "2011.08.16"]
[Round "4"]
[White "Ni Hua"]
[Black "Czarnota,P"]
[Result "1/2-1/2"]
[WhiteElo "2662"]
[BlackElo "2541"]

1.e4 c5 2.Nf3 d6 3.d4 cxd4 4.Qxd4 Nc6 5.Bb5 Bd7 6.Qd3 Rc8 7.c4 g6 8.O-O Bg7
9.Nc3 Nf6 10.Bg5 O-O 11.h3 a6 12.Bxc6 Bxc6 13.b4 Nd7 14.Rac1 Re8 15.Rfd1 a5
16.b5 Nc5 17.Qe3 Bxc3 18.bxc6 Bg7 19.cxb7 Nxb7 20.e5 Qc7 21.e6 f6 22.Bf4 Qc5
23.Qe4 Qc6 24.Qe2 Nc5 25.Rd5 Rb8 26.h4 Qc8 27.Re1 f5 28.Ng5 h6 29.Nf7 Qxe6
30.Nxh6+ Bxh6 31.Qxe6+ Nxe6 32.Bxh6 Kf7 33.h5 Rb4 34.hxg6+ Kf6 35.Rxa5 Rxc4
36.Ra7 Rg4 37.Bd2 Rxg6 38.Bc3+ Kf7 39.Ra5 Nc5 40.Bd4 Reg8 41.g3 f4 42.Bxc5  1/2-1/2

[Event "26th Universiade Men"]
[Site "Shenzhen CHN"]
[Date "2011.08.18"]
[Round "5"]
[White "Benidze,D"]
[Black "Ni Hua"]
[Result "1/2-1/2"]
[WhiteElo "2514"]
[BlackElo "2662"]

1.d4 d5 2.c4 c6 3.Nf3 Nf6 4.cxd5 cxd5 5.Nc3 Nc6 6.Bf4 Bf5 7.e3 e6 8.Bd3 Bxd3
9.Qxd3 Be7 10.O-O O-O 11.Rac1 a6 12.Ne5 Nxe5 13.Bxe5 Nd7 14.Bg3 Rc8 15.Ne2 Qa5
16.a3 b5 17.h3 Rc4 18.Rc2 Rfc8 19.Rfc1 Qa4 20.Rc3 Rxc3 21.Rxc3 Rxc3 22.Nxc3 Qb3
23.e4 dxe4 24.Qxe4 Qxb2 25.Qc6 Qc1+ 26.Kh2 Bf8 27.Qc7 Qd2 28.Nxb5 axb5 29.Qxd7 Qd3
30.a4 bxa4 31.Qxa4 h5 32.Qd7 Qe4 33.Qd8 Qc6 34.Qg5 g6 35.Be5  1/2-1/2

[Event "26th Universiade Men"]
[Site "Shenzhen CHN"]
[Date "2011.08.18"]
[Round "6"]
[White "Olszewski,Mi"]
[Black "Ni Hua"]
[Result "1/2-1/2"]
[WhiteElo "2541"]
[BlackElo "2662"]

1.d4 d5 2.c4 c6 3.Nf3 Nf6 4.Nc3 dxc4 5.a4 Bf5 6.Ne5 Nbd7 7.Nxc4 Qc7 8.Qd2 Be6
9.e4 Bxc4 10.Bxc4 e5 11.dxe5 Nxe5 12.Be2 Bc5 13.O-O O-O 14.g3 Rfe8 15.Qc2 Ned7
16.Kg2 Qa5 17.f3 Rad8 18.Na2 Qb6 19.Bf4 a5 20.Nc1 Be3 21.Bxe3 Qxe3 22.Nb3 Nc5
23.Qxc5 Qxb3 24.Qc4 Qb6 25.Qc2 Rd4 26.Rfd1 Red8 27.Rxd4 Rxd4 28.Rd1 Nd7 29.Qc3 Rxd1
30.Bxd1 Kf8 31.Be2 Qc5 32.Qd2 Ke7 33.f4 Nf6 34.Bf3 g6 35.b3 h5 36.h3 Nd7
37.h4 Nf6 38.Kh3 Nd7 39.Kg2 b5 40.axb5 cxb5 41.e5 b4 42.Qd3 Nf8 43.Bd5 Ne6
44.Bc4 Nd4 45.Qe3 Kf8 46.Qd3 Kg7 47.Qe4 Nf5 48.e6 Ne3+ 49.Kf3 Nxc4 50.bxc4 fxe6
51.Qxe6 b3 52.Qd7+ Kf8 53.Qd8+ Kf7 54.Qd7+ Kf8 55.Qd8+ Kg7 56.Qd7+ Kh6 57.Qd8 Qa7
58.Ke2 Kh7 59.Kd3 a4 60.f5 gxf5 61.Qe8 a3 62.Qxh5+ Kg7 63.Qg5+ Kh8 64.Qh6+  1/2-1/2

[Event "26th Universiade Men"]
[Site "Shenzhen CHN"]
[Date "2011.08.19"]
[Round "7"]
[White "Ni Hua"]
[Black "Adly,A"]
[Result "1-0"]
[WhiteElo "2662"]
[BlackElo "2631"]

1.c4 Nf6 2.Nf3 e6 3.g3 d5 4.Bg2 dxc4 5.Qa4+ Nbd7 6.Qxc4 a6 7.Qc2 c5 8.d4 Be7
9.O-O O-O 10.Rd1 Qb6 11.Nc3 cxd4 12.Rxd4 Qc7 13.Be3 Nd5 14.Ng5 N7f6 15.Nxd5  1-0

[Event "26th Universiade Men"]
[Site "Shenzhen CHN"]
[Date "2011.08.21"]
[Round "9"]
[White "Ni Hua"]
[Black "Andriasian,Z"]
[Result "1/2-1/2"]
[WhiteElo "2662"]
[BlackElo "2616"]

1.Nf3 d5 2.d4 Nf6 3.c4 c6 4.e3 Bg4 5.h3 Bxf3 6.Qxf3 e6 7.Bd3 Bb4+ 8.Nd2 Nbd7
9.O-O O-O 10.a3 Bxd2 11.Bxd2 dxc4 12.Bxc4 e5 13.Rfd1 exd4 14.exd4 Nb6 15.Bd3 Nbd5
16.Qg3 Re8 17.Qh4 Ne4 18.Qxd8 Raxd8 19.Ba5 Rd7 20.Re1 Rde7 21.f3 Nd6 22.Rxe7 Rxe7
23.Bd2 f6 24.Kf2 Nb5 25.Bc4 Rd7 26.Rd1 Kf8 27.Ba5 b6 28.Be1 Ndc7 29.Ke3 c5
30.Bxb5 Nxb5 31.Bc3 Kf7 32.a4 Nc7  1/2-1/2

[Event "FIDE World Cup 2011"]
[Site "Khanty-Mansiysk RUS"]
[Date "2011.08.30"]
[Round "1.6"]
[White "Ni Hua"]
[Black "Khairullin,I"]
[Result "1/2-1/2"]
[WhiteElo "2662"]
[BlackElo "2649"]

1.e4 c5 2.Nf3 e6 3.c3 b6 4.d4 Bb7 5.Bd3 Nf6 6.e5 Nd5 7.O-O Nc6 8.Be4 cxd4
9.Bxd5 exd5 10.Nxd4 Nxd4 11.cxd4 d6 12.Bf4 dxe5 13.Bxe5 f6 14.Bg3 Kf7 15.Nc3 Qd7
16.Rc1 Be7 17.Qh5+ g6 18.Qh6 Rac8 19.Rfe1 Bf8 20.Qd2 h5 21.h4 Ba6 22.Qe3 Bh6
23.Bf4 Bg7 24.Qf3 Bb7 25.Re3 Rhe8 26.Rce1 Rxe3 27.Qxe3 Bf8 28.Bh6 Be7 29.Bf4 a6
30.Na4 Bd8 31.Bg3 Kg7 32.b3 Bc6 33.Nc3 Qf5 34.Ne2 Bd7 35.Nf4 Kf7 36.Nh3 Qe4
37.Nf4 Qxe3 38.Rxe3 Rc2 39.a4 Bc6 40.Ne6 Be7 41.Bc7 b5 42.Nd8+ Kf8 43.Ne6+ Ke8
44.Nc5 bxa4 45.bxa4 Kf7 46.Nxa6 Bxa4 47.Nc5 Bxc5 48.dxc5 Rc1+ 49.Kh2 d4 50.Re4 Rc4
51.Bf4 Bc2 52.Re1 Rxc5 53.Ra1 g5 54.Bd2 Kg6 55.Ra5 Rxa5 56.Bxa5 gxh4 57.Kh3 Be4
58.f3 Bd5 59.Kxh4 d3 60.Bd2 Bf7 61.g4 hxg4 62.Kxg4  1/2-1/2

[Event "FIDE World Cup 2011"]
[Site "Khanty-Mansiysk RUS"]
[Date "2011.08.30"]
[Round "1.3"]
[White "Ni Hua"]
[Black "Khairullin,I"]
[Result "1/2-1/2"]
[WhiteElo "2662"]
[BlackElo "2649"]

1.c4 e5 2.Nc3 Nf6 3.Nf3 Nc6 4.e4 Bb4 5.d3 d6 6.a3 Bc5 7.b4 Bb6 8.Na4 Bd4
9.Nxd4 Nxd4 10.Be2 Be6 11.O-O O-O 12.Nc3 Nd7 13.Be3 Nxe2+ 14.Qxe2 f5 15.exf5 Bxf5
16.d4 Qe8 17.Rad1 exd4 18.Bxd4 Qxe2 19.Nxe2 Be6 20.Rc1 c5 21.bxc5 dxc5 22.Be3 b6
23.Nf4 Bf7 24.Rfd1 Nf6 25.f3 Rfd8 26.Nd3 Rd6 27.Ne5 Rad8 28.Rxd6 Rxd6 29.Bf4 Rd4
30.Be3 Rd6 31.Bf4 Rd4 32.Be3  1/2-1/2

[Event "Governor's Cup"]
[Site "Saratov RUS"]
[Date "2011.10.08"]
[Round "1"]
[White "Andreikin,D"]
[Black "Ni Hua"]
[Result "1/2-1/2"]
[WhiteElo "2705"]
[BlackElo "2670"]

1.e4 e5 2.Nf3 Nc6 3.Bb5 Nf6 4.O-O Nxe4 5.Qe2 Nd6 6.Bxc6 dxc6 7.Qxe5+ Qe7
8.Qa5 Qd8 9.Qc3 Qf6 10.Re1+ Be7 11.Qxf6 gxf6 12.d3 Be6 13.Nbd2 Nf5 14.b3 h5
15.Bb2 h4 16.Ng5 Kd7 17.Nxe6 fxe6 18.Re4 Rae8 19.Rae1 Bd8 20.Nf3 c5 21.h3 Rh7
22.d4 cxd4 23.Nxd4 Ng7 24.Nf3 Nf5 25.Nd4 Ng7 26.Nf3 Nf5 27.Rb4 b6 28.Ra4 a5
29.Rd1+ Kc6 30.Nd4+ Nxd4 31.Raxd4 Rhh8 32.Rc4+ Kb7 33.Rd7 e5 34.a4 Re6 35.Ba3 Rc6
36.Rxc6 Kxc6 37.Rf7 Kd5 38.Kf1 Ke6 39.Rf8 Rxf8 40.Bxf8 f5 41.Ke2 Kd5 42.Bh6 Be7
43.Bc1 Bf6 44.Kf3 Ke6 45.Bd2 Be7 46.Ke2 Kd5 47.Bc1 Bd8 48.f3 Be7 49.Be3 f4
50.Bc1 c5 51.Kd3 Bd8 52.Bd2 Be7 53.Be1 Bd8 54.c3 Be7 55.c4+ Ke6 56.Ke4 Bd8
57.Bc3  1/2-1/2

[Event "Governor's Cup"]
[Site "Saratov RUS"]
[Date "2011.10.09"]
[Round "2"]
[White "Ni Hua"]
[Black "Moiseenko,A1"]
[Result "0-1"]
[WhiteElo "2670"]
[BlackElo "2726"]

1.c4 e5 2.Nc3 Bb4 3.g3 Bxc3 4.bxc3 d6 5.Bg2 Ne7 6.d4 Nbc6 7.Nf3 O-O 8.O-O f5
9.e4 fxe4 10.Ng5 Bf5 11.g4 Bd7 12.Bxe4 h6 13.Nh7 Rf7 14.d5 Na5 15.f4 Nxc4
16.Qd3 b5 17.f5 Kxh7 18.f6+ Kg8 19.g5 gxf6 20.gxf6 Nf5 21.Bxf5 Rxf6 22.Qg3+ Kh8
23.Bg5 Bxf5 24.Rxf5 Rxf5 25.Bxd8 Rxd8 26.Kh1 Rg8 27.Qh4 h5 28.Rg1 Rxg1+ 29.Kxg1 Ne3
30.Qd8+ Kg7 31.Qe7+ Kg6 32.Qe8+ Kg5 33.Qg8+ Kf4 34.Kf2 Rg5 35.Qf7+ Nf5 36.Qxc7 e4
37.Qxa7 e3+ 38.Kf1 Kf3 39.a3 Rg2  0-1

[Event "Governor's Cup"]
[Site "Saratov RUS"]
[Date "2011.10.10"]
[Round "3"]
[White "Tomashevsky,E"]
[Black "Ni Hua"]
[Result "1-0"]
[WhiteElo "2710"]
[BlackElo "2670"]

1.d4 d5 2.c4 c6 3.Nc3 Nf6 4.e3 a6 5.Qc2 e6 6.Nf3 c5 7.cxd5 exd5 8.Be2 Be6
9.O-O Nc6 10.Rd1 Nb4 11.Qb1 Qc8 12.Bd2 Bf5 13.Qc1 c4 14.a3 Nd3 15.Bxd3 Bxd3
16.Ne5 Bg6 17.e4 dxe4 18.Na4 Qe6 19.Nxc4 Be7 20.Nc5 Qc6 21.Na5 Qd5 22.Naxb7 O-O
23.Qc3 Ra7 24.Na5 Bd6 25.Nc4 Bb8 26.Ne5 Re8 27.Rac1 Qd6 28.Qh3 Nd5 29.Nxg6 Qxg6
30.Nxe4 Rae7 31.Nc3 Nf6 32.Qf3 Ng4 33.h3 Nh2 34.Qd5 Qd3 35.Nb1 Re2 36.Bb4 Rc2
37.Bd6 Rxc1 38.Rxc1 Nf3+ 39.Qxf3 Qxf3 40.gxf3 Bxd6 41.Kf1 a5 42.Rc6 Be7 43.Nc3 Rb8
44.Nd5 Bd8 45.b4 Kf8 46.Ke2  1-0

[Event "Governor's Cup"]
[Site "Saratov RUS"]
[Date "2011.10.12"]
[Round "5"]
[White "Ponomariov,R"]
[Black "Ni Hua"]
[Result "1/2-1/2"]
[WhiteElo "2758"]
[BlackElo "2670"]

1.d4 d5 2.c4 c6 3.Nc3 Nf6 4.e3 a6 5.Nf3 b5 6.b3 Bg4 7.Bd2 Nbd7 8.h3 Bxf3
9.Qxf3 b4 10.Na4 e5 11.cxd5 cxd5 12.dxe5 Nxe5 13.Qf4 Bd6 14.Qd4 O-O 15.Rc1 Qe7
16.Be2 a5 17.O-O Bb8 18.Qc5 Qe6 19.Rfd1 Ne4 20.Qb6 Ba7 21.Qxe6 fxe6 22.Be1 Rac8
23.Ba6 Rxc1 24.Rxc1 d4 25.exd4 Bxd4 26.Rc2 g5 27.Re2 Nc3 28.Rd2 Rd8 29.Kf1 Nxa4
30.bxa4 Kf7 31.Bb5 Rd5 32.Rc2 Bb6 33.Ke2 Ng6 34.Bd2 Re5+ 35.Kf1 Ne7 36.Bc4 Nd5
37.Bd3 h5 38.Rc4 Nc3 39.Bxc3 bxc3 40.Rxc3 Bc5 41.g3 Kf6 42.Rc2 h4 43.gxh4 gxh4
44.Rc4 Rd5 45.Ke2 Bd4 46.f4 Bc5 47.Bc2 Bd6 48.Bb3 Rf5 49.Ke3 Bc5+ 50.Kf3 e5
51.Kg4 Rxf4+ 52.Rxf4+ exf4 53.Kxf4  1/2-1/2

[Event "Governor's Cup"]
[Site "Saratov RUS"]
[Date "2011.10.13"]
[Round "6"]
[White "Ni Hua"]
[Black "Eljanov,P"]
[Result "1/2-1/2"]
[WhiteElo "2670"]
[BlackElo "2683"]

1.e4 e5 2.Nf3 Nc6 3.d4 exd4 4.Nxd4 Bc5 5.Nb3 Bb4+ 6.Bd2 a5 7.a3 Bxd2+ 8.Qxd2 Nf6
9.Nc3 O-O 10.O-O-O d6 11.Kb1 Be6 12.f4 Re8 13.Nd4 Bd7 14.Re1 Nxd4 15.Qxd4 Bc6
16.Bc4 Qd7 17.a4 Re7 18.Re3 Rae8 19.Rhe1 Qg4 20.g3 b6 21.Bf1 Qh5 22.h3 h6
23.e5 dxe5 24.Rxe5 Rxe5 25.Rxe5 Qf3 26.Bb5 Bxb5 27.Nxb5 Rxe5 28.fxe5 Nd5
29.b3 c6 30.Nc7 Nb4 31.e6 Qe2 32.exf7+ Kxf7 33.Qd7+ Kg6 34.Qe6+ Qxe6 35.Nxe6 Kf6
36.Nc7 Ke5 37.Na8 Nd5 38.c4 Nc3+ 39.Kc2 Ne4 40.Nxb6 c5 41.g4 Nf2 42.Kd2 Nxh3
43.Ke3 Ng5 44.Nd7+ Kd6 45.Nf8 Ne6 46.Ng6 Nd4 47.Ke4 Nxb3 48.Ne5 Nd2+ 49.Kf5 g6+
50.Nxg6 Nxc4 51.Ke4 Nb2 52.Nh4 Nxa4 53.Nf5+ Ke6 54.Nxh6 Nb2 55.Nf5 Nc4 56.Ng3 a4
57.Ne2 a3 58.Nc3 Nb6 59.Kd3 Ke5 60.Kc2 Nd5 61.Nxd5 Kxd5 62.Kb3  1/2-1/2

[Event "Governor's Cup"]
[Site "Saratov RUS"]
[Date "2011.10.15"]
[Round "7"]
[White "Roiz,M"]
[Black "Ni Hua"]
[Result "1/2-1/2"]
[WhiteElo "2668"]
[BlackElo "2670"]

1.d4 d5 2.c4 c6 3.Nc3 Nf6 4.e3 g6 5.Nf3 Bg7 6.Bd3 O-O 7.O-O Bg4 8.h3 Bxf3
9.Qxf3 e6 10.Rd1 Nbd7 11.b3 Re8 12.Bb2 Qe7 13.Qe2 Rad8 14.Qc2 e5 15.dxe5 Nxe5
16.cxd5 Nxd5 17.Nxd5 Rxd5 18.Be2 Red8 19.Rd4 Rxd4 20.Bxd4 Nd7 21.Bxg7 Kxg7
22.Rb1 Nf6 23.Bf3 Qb4 24.Rd1 Rxd1+ 25.Qxd1 Qc3 26.g4 g5 27.Kg2 Qe5 28.Qd8 Ng8
29.Qa8 Ne7 30.Qxb7 Ng6 31.Bxc6 Nh4+ 32.Kf1 Qa1+ 33.Ke2 Qxa2+ 34.Ke1 Qb1+
35.Ke2 Qc2+ 36.Ke1 Qc1+ 37.Ke2  1/2-1/2

[Event "Governor's Cup"]
[Site "Saratov RUS"]
[Date "2011.10.16"]
[Round "8"]
[White "Ni Hua"]
[Black "Shirov,A"]
[Result "1/2-1/2"]
[WhiteElo "2670"]
[BlackElo "2713"]

1.e4 e5 2.Nf3 Nc6 3.d4 exd4 4.Nxd4 Nf6 5.Nxc6 bxc6 6.e5 Qe7 7.Qe2 Nd5 8.c4 Ba6
9.Nd2 g6 10.Nf3 Bg7 11.Bg5 Qb4+ 12.Qd2 Qxd2+ 13.Kxd2 h6 14.cxd5 Bxf1 15.Raxf1 hxg5
16.Nxg5 Rb8 17.b3 cxd5 18.f4 a5 19.h4 a4 20.Rf3 Rb4 21.g3 O-O 22.Rd3 c6 23.Nf3 axb3
24.axb3 Ra8 25.h5 Ra2+ 26.Kc3 Re4 27.Rd2 Ra3 28.Kb2 Ra8 29.h6 Bh8 30.Re1 Rxe1
31.Nxe1 f6 32.exf6 Bxf6+ 33.Kc2 Kh7 34.g4 g5 35.Nf3 Kxh6 36.fxg5+ Bxg5 37.Rh2+ Kg7
38.Rh5 Bf4 39.Rf5 Rf8 40.Rxf8 Kxf8 41.b4 Bc7 42.Kb3 Ke7 43.b5 c5 44.g5 Ke6
45.g6 Kf6 46.Nh4 c4+ 47.Kb4 Bd6+ 48.Kc3 Bg3 49.Ng2 Be5+ 50.Kb4 Kxg6 51.Kc5 c3
52.Ne1 d4 53.Kc4 Kf5 54.Kd3 Ke6 55.Kc2 Kd5 56.Nd3 Bg3 57.Kb3 Bd6 58.Kc2 Kc4
59.b6 Kb5 60.b7 Kb6 61.Kb3 Kxb7 62.Kc2 Kc6 63.Kb3 Kd5 64.Kc2 Ke4 65.Nf2+ Ke3
66.Nd3  1/2-1/2

[Event "Governor's Cup"]
[Site "Saratov RUS"]
[Date "2011.10.17"]
[Round "9"]
[White "Leko,P"]
[Black "Ni Hua"]
[Result "1/2-1/2"]
[WhiteElo "2728"]
[BlackElo "2670"]

1.d4 d5 2.c4 c6 3.Nc3 Nf6 4.e3 a6 5.Qc2 e6 6.Nf3 Nbd7 7.b3 Bd6 8.Bb2 e5 9.cxd5 cxd5
10.dxe5 Nxe5 11.Nxe5 Bxe5 12.Bd3 O-O 13.Ne2 Qa5+ 14.Bc3 Bxc3+ 15.Qxc3 Qxc3+
16.Nxc3 Bd7 17.f3 Rfc8 18.Kd2 h5 19.Ne2 Kf8 20.Nd4 Ke7 21.g3 g6 22.h3 Ne8
23.Ne2 Nc7 24.Nf4 Kd6 25.g4 Rh8 26.Rad1 a5 27.Ke2 a4 28.b4 hxg4 29.hxg4 a3
30.Kd2 Bb5 31.Ne2 Bxd3 32.Kxd3 Nb5 33.Rc1 Rxh1 34.Rxh1 Ra4 35.Rb1 Kc6 36.Nc3 Ra8
37.Rc1 Nxc3 38.Kxc3 Kb5 39.Kb3 b6 40.Rd1 Kc6 41.Rd4 f5 42.gxf5 gxf5 43.Rd3 Rh8
44.Kxa3 Rh3 45.f4 d4 46.Rxd4 Rxe3+ 47.Kb2 b5 48.Kc2 Ra3  1/2-1/2

[Event "Governor's Cup"]
[Site "Saratov RUS"]
[Date "2011.10.18"]
[Round "10"]
[White "Ni Hua"]
[Black "Alekseev,Evgeny"]
[Result "0-1"]
[WhiteElo "2670"]
[BlackElo "2662"]

1.e4 e5 2.Nf3 Nc6 3.d4 exd4 4.Nxd4 Bb4+ 5.c3 Bc5 6.Nxc6 bxc6 7.Bd3 Qh4 8.Qe2 Nf6
9.h3 d6 10.g3 Qh5 11.Qxh5 Nxh5 12.Nd2 a5 13.Nb3 Bb6 14.Nd4 Bd7 15.g4 Nf6
16.g5 Nh5 17.Be3 g6 18.Kd2 O-O 19.Be2 c5 20.Nc2 f5 21.gxf6 Nxf6 22.f3 Kg7
23.Bg5 Nh5 24.Ne3 h6 25.Be7 Rf7 26.Nd5 Rb8 27.Bh4 Be6 28.Nxb6 Rxb6 29.Kc2 Nf4
30.Bf1 Nh5 31.Be2 g5 32.Be1 Nf4 33.Bf1 Ng6 34.c4 Rxf3 35.Bxa5 Rf2+ 36.Kd1 Ra6
37.Bd2 Nf4 38.h4 g4 39.Be3 Rf3 40.Kd2 Kf6 41.b3 Ke5 42.a4 Bd7 43.h5 Rb6 44.Ra3 Kxe4
45.a5 Rb8 46.Bxf4 Kxf4 47.Bd3 g3 48.a6 g2 49.Rg1 Bc6 50.a7 Re8 51.Raa1 Kg3
52.Rae1 Rf2+ 53.Kc3 Rxe1 54.Rxe1 Ra2  0-1